000
00271 a2200085 4500
020
_a
9789391818203
100
_a
B. Mahadevan & Vinayak Rajat Bhat
_9
211566
245
_a
Introduction to Indian Knowledge System (Concepts and Application)
260
_b
PHI learning Pvt Ltd
_c
2024
999
_c
365452
_d
365452